| 000 | 00392nam a22001577a 4500 | ||
|---|---|---|---|
| 003 | macl | ||
| 005 | 20241019140458.0 | ||
| 008 | 241019b |||||||| |||| 00| 0 eng d | ||
| 040 | _cmacl | ||
| 082 | _a954 | ||
| 100 |
_aSonali Bansal _982569 |
||
| 245 | _aModern Indian History | ||
| 260 |
_aChennai _bMcGraw Hill Publication _c2024 |
||
| 650 |
_aIndian History _9227 |
||
| 942 |
_2ddc _cC. BOOKS |
||
| 999 |
_c67153 _d67153 |
||